Zdokonaľovanie foriem hmotnej zainteresovanosti z hľadiska účinnosti na kvalitu a efektívnosť v poľnohospodárskych podnikoch a ich vnútropodnikových jednotkách syntetická správa vecnej etapovej úlohy SPEV 904-113-303-03/04

Saved in:
Bibliographic Details
Main Author: Pekár, Jozef
Format: Book
Language:Slovak
Published: Bratislava Výskumný ústav ekonomiky poľnohospodárstva a potravinárstva 1985
Tags: Add Tag
No Tags, Be the first to tag this record!

MARC

LEADER 00000nam a2200000 4500
001 c110066
005 20210820124105.1
041 0 |a slo 
044 |a SK 
245 1 0 |a Zdokonaľovanie foriem hmotnej zainteresovanosti z hľadiska účinnosti na kvalitu a efektívnosť v poľnohospodárskych podnikoch a ich vnútropodnikových jednotkách  |b syntetická správa vecnej etapovej úlohy SPEV 904-113-303-03/04  |c Jozef Pekár 
264 1 |a Bratislava  |b Výskumný ústav ekonomiky poľnohospodárstva a potravinárstva  |c 1985 
300 |a 25 s. 
100 1 |a Pekár, Jozef